[Event "España ch 2008 sub 18"]
[Site "Padrón ESP"]
[Date "2008.07.29"]
[Round "4.10"]
[White "Sanchez-Alarcos Galian, Victor"]
[Black "Mestre Bellido, Hector"]
[Result "0-1"]
[WhiteElo "2026"]
[BlackElo "2284"]
[PlyCount "48"]
[EventDate "2008.07.27"]
[EventType "swiss"]
[EventRounds "9"]
[EventCountry "ESP"]
[Source "lmi"]
[SourceDate "2008.07.27"]

1. d4 d5 2. c4 c6 3. Nf3 Nf6 4. Nc3 a6 5. Qc2 dxc4 6. e4 b5 7. Be2 e6 8. O-O
Bb7 9. b3 cxb3 10. axb3 Nbd7 11. e5 Nd5 12. Ne4 c5 13. Bg5 Qb6 14. Rac1 cxd4
15. Rfd1 h6 16. Bh4 Ba3 17. Nxd4 Nxe5 18. Bg3 Nd7 19. Nxe6 Qxe6 20. Nd6+ Bxd6
21. Bg4 Qe7 22. Re1 Ne5 23. f4 Nxg4 24. Rxe7+ Bxe7 0-1

[Event "España ch 2008 sub 18"]
[Site "Padrón ESP"]
[Date "2008.07.29"]
[Round "4.11"]
[White "Robles Garcia, Claudia"]
[Black "Garro Beraza, Haritz"]
[Result "1-0"]
[WhiteElo "2256"]
[BlackElo "1999"]
[PlyCount "31"]
[EventDate "2008.07.27"]
[EventType "swiss"]
[EventRounds "9"]
[EventCountry "ESP"]
[Source "lmi"]
[SourceDate "2008.07.27"]

1. e4 c5 2. Nf3 d6 3. d4 cxd4 4. Nxd4 Nf6 5. Nc3 a6 6. Be2 e6 7. O-O Be7 8. f4
Qc7 9. Kh1 Nc6 10. Be3 O-O 11. Qe1 Re8 12. Qg3 Bd7 13. Rad1 b5 14. e5 dxe5 15.
fxe5 Nd5 16. Nxd5 1-0

[Event "España ch 2008 sub 18"]
[Site "Padrón ESP"]
[Date "2008.07.29"]
[Round "4.12"]
[White "Camacho Collados, Marcos"]
[Black "Ribas Gomez, Diego"]
[Result "1-0"]
[WhiteElo "2230"]
[BlackElo "1996"]
[PlyCount "45"]
[EventDate "2008.07.27"]
[EventType "swiss"]
[EventRounds "9"]
[EventCountry "ESP"]
[Source "lmi"]
[SourceDate "2008.07.27"]

1. e4 e5 2. Nf3 Nf6 3. Nc3 Bb4 4. Nxe5 O-O 5. Be2 Re8 6. Nd3 Bxc3 7. dxc3 Nxe4
8. Nf4 Nc6 9. O-O Ne7 10. c4 c6 11. Bd3 d5 12. b3 Qc7 13. cxd5 Nxd5 14. Bxe4
Nxf4 15. Re1 Be6 16. Qf3 Nd5 17. Bb2 Rad8 18. c4 Nb6 19. Qh5 h6 20. Re3 Qf4 21.
Rg3 Qxe4 22. Qxh6 Kf8 23. Ba3+ 1-0

[Event "España ch 2008 sub 18"]
[Site "Padrón ESP"]
[Date "2008.07.29"]
[Round "4.13"]
[White "Garcia Blanco, Omar"]
[Black "Sanz Rodero, Mikel"]
[Result "1-0"]
[WhiteElo "2169"]
[BlackElo "1982"]
[PlyCount "77"]
[EventDate "2008.07.27"]
[EventType "swiss"]
[EventRounds "9"]
[EventCountry "ESP"]
[Source "lmi"]
[SourceDate "2008.07.27"]

1. e4 c5 2. c3 Nf6 3. e5 Nd5 4. Nf3 e6 5. d4 cxd4 6. cxd4 d6 7. Nc3 Nxc3 8.
bxc3 Qc7 9. Bb2 Nd7 10. exd6 Bxd6 11. Bd3 Ba3 12. Qb3 Bxb2 13. Qxb2 O-O 14. O-O
b6 15. c4 Bb7 16. Nd2 Nf6 17. f3 Rfd8 18. Ne4 Ne8 19. Rad1 Rac8 20. Kh1 Nd6 21.
Nd2 Qe7 22. Rfe1 Qd7 23. Qa3 Ba8 24. Re5 Ne8 25. Nb3 Bc6 26. Qb2 g6 27. d5 exd5
28. cxd5 Bb5 29. Qe2 Nd6 30. h3 Re8 31. Bxb5 Qxb5 32. Qe3 Nf5 33. Qf4 Rxe5 34.
Qxe5 Re8 35. Qc7 Qe2 36. Rg1 Qf2 37. d6 Re1 38. Qc8+ Kg7 39. Qc3+ 1-0

[Event "España ch 2008 sub 18"]
[Site "Padrón ESP"]
[Date "2008.07.29"]
[Round "4.14"]
[White "Galvan Ruiz, Mario"]
[Black "Herrera Reyes, Jose Antonio"]
[Result "1-0"]
[WhiteElo "2019"]
[BlackElo "2145"]
[PlyCount "57"]
[EventDate "2008.07.27"]
[EventType "swiss"]
[EventRounds "9"]
[EventCountry "ESP"]
[Source "lmi"]
[SourceDate "2008.07.27"]

1. e4 c5 2. Nf3 e6 3. d4 cxd4 4. Nxd4 a6 5. Nc3 Qc7 6. Be2 Nc6 7. Be3 b5 8.
Nxc6 dxc6 9. f4 Bb7 10. O-O c5 11. Bf3 b4 12. Ne2 Nf6 13. Ng3 h5 14. e5 h4 15.
exf6 hxg3 16. fxg7 gxh2+ 17. Kh1 Bxg7 18. f5 Rd8 19. Qe2 Bc8 20. Bg5 f6 21.
fxe6 Ke7 22. Bg4 Rhf8 23. Bf4 Qc6 24. Rad1 a5 25. Rd7+ Bxd7 26. exd7+ Kf7 27.
Bf5 Rxd7 28. Qh5+ Ke7 29. Re1+ 1-0

[Event "España ch 2008 sub 18"]
[Site "Padrón ESP"]
[Date "2008.07.29"]
[Round "4.15"]
[White "Rodrigo Yanguas, Maria"]
[Black "Marcos Pinto, Luis"]
[Result "1-0"]
[WhiteElo "1999"]
[BlackElo "2115"]
[PlyCount "89"]
[EventDate "2008.07.27"]
[EventType "swiss"]
[EventRounds "9"]
[EventCountry "ESP"]
[Source "lmi"]
[SourceDate "2008.07.27"]

1. e4 c5 2. Nf3 Nc6 3. d4 cxd4 4. Nxd4 e5 5. Nb5 Nf6 6. Bg5 d6 7. N1c3 a6 8.
Na3 b5 9. Bxf6 gxf6 10. Nd5 f5 11. Bd3 Be6 12. c3 Bg7 13. Nxb5 axb5 14. Bxb5
Bd7 15. exf5 O-O 16. O-O Rb8 17. a4 Kh8 18. Qf3 Qg5 19. Rfe1 Rg8 20. b4 e4 21.
Qe3 Qxf5 22. Bxc6 Bxc6 23. Ne7 Qd7 24. Nxg8 Rxg8 25. b5 Ba8 26. b6 Rc8 27. Rec1
Rc5 28. a5 Qc6 29. Ra3 d5 30. Rb1 Bxc3 31. a6 d4 32. Qf4 Rb5 33. Rxb5 Qxb5 34.
Qf6+ Kg8 35. h4 Qd7 36. b7 Bxb7 37. axb7 Qxb7 38. Qd8+ Kg7 39. Ra8 Qc6 40. h5
Kh6 41. Qf8+ Kxh5 42. Qxf7+ Qg6 43. Qd5+ Qg5 44. Qxe4 h6 45. Rf8 1-0

[Event "España ch 2008 sub 18"]
[Site "Padrón ESP"]
[Date "2008.07.29"]
[Round "4.16"]
[White "Rodriguez Lorenzo, Yadira"]
[Black "Ladron De Guevara Pinto, Fermin"]
[Result "1-0"]
[WhiteElo "1984"]
[BlackElo "2074"]
[PlyCount "97"]
[EventDate "2008.07.27"]
[EventType "swiss"]
[EventRounds "9"]
[EventCountry "ESP"]
[Source "lmi"]
[SourceDate "2008.07.27"]

1. e4 e6 2. Nf3 d5 3. Nc3 Nf6 4. e5 Nfd7 5. d4 c5 6. dxc5 Nc6 7. Bf4 Bxc5 8.
Bd3 f6 9. exf6 Nxf6 10. O-O O-O 11. Qe2 Bd7 12. Rae1 Qe7 13. Bg3 a6 14. a3 b5
15. Bh4 Rae8 16. Kh1 Qd8 17. Ne5 Nxe5 18. Qxe5 Qb6 19. f4 Bd6 20. Qg5 Qc7 21.
Rf3 Bc6 22. Ne2 Ne4 23. Qg4 Bc5 24. Rh3 Rf7 25. Rf1 Bd7 26. Bg3 e5 27. f5 Nxg3+
28. Qxg3 Qd8 29. c3 e4 30. Bc2 Bxf5 31. Rh5 Bd6 32. Qe3 Bg6 33. Rxf7 Bxh5 34.
Rf5 Qh4 35. g3 Qg4 36. Rxd5 Qg6 37. Rg5 Bf3+ 38. Kg1 Qf6 39. Nd4 h6 40. Rf5 Qg6
41. Bb3+ Kh7 42. Bf7 Qg4 43. Rxf3 Re7 44. Rf1 Re5 45. Bb3 Qh3 46. Bd1 h5 47.
Qf4 h4 48. Qxh4+ Qxh4 49. gxh4 1-0

[Event "España ch 2008 sub 18"]
[Site "Padrón ESP"]
[Date "2008.07.29"]
[Round "4.17"]
[White "Varona Poncela, Tomas"]
[Black "Olmo Vega, Diego"]
[Result "1/2-1/2"]
[WhiteElo "2064"]
[BlackElo "1978"]
[PlyCount "55"]
[EventDate "2008.07.27"]
[EventType "swiss"]
[EventRounds "9"]
[EventCountry "ESP"]
[Source "lmi"]
[SourceDate "2008.07.27"]

1. e4 c5 2. Nc3 e6 3. g3 d5 4. d3 dxe4 5. Nxe4 Nc6 6. Bg2 Nf6 7. Be3 Nxe4 8.
Bxe4 Qc7 9. Ne2 b6 10. Nc3 a6 11. Bf4 Bd6 12. Bxd6 Qxd6 13. Qg4 O-O 14. Bg2 Bb7
15. O-O Ne5 16. Qf4 Nf3+ 17. Bxf3 Qxf4 18. gxf4 Bxf3 19. Rfe1 Bc6 20. Re3 Rad8
21. f3 Rd4 22. Ne4 f6 23. Kf2 Kf7 24. Rae1 Rfd8 25. Nd2 Re8 26. Ne4 Red8 27.
Nd2 Re8 28. Ne4 1/2-1/2

[Event "España ch 2008 sub 18"]
[Site "Padrón ESP"]
[Date "2008.07.29"]
[Round "4.18"]
[White "Villanueva Arguinberri, Bruno"]
[Black "Hernandez Munoz, Antonio"]
[Result "0-1"]
[WhiteElo "1981"]
[BlackElo "2044"]
[PlyCount "60"]
[EventDate "2008.07.27"]
[EventType "swiss"]
[EventRounds "9"]
[EventCountry "ESP"]
[Source "lmi"]
[SourceDate "2008.07.27"]

1. d4 Nf6 2. c4 g6 3. Nc3 Bg7 4. e4 d6 5. Nf3 O-O 6. Be2 e5 7. d5 a5 8. Bg5 h6
9. Bh4 Na6 10. b3 g5 11. Bg3 Nh5 12. h4 Nf4 13. hxg5 hxg5 14. Bxf4 exf4 15. Rc1
Nc5 16. Qc2 f5 17. Rh5 g4 18. Nd2 Qe8 19. Rh1 Qg6 20. f3 Bd7 21. a3 gxf3 22.
Bxf3 Rae8 23. Kf1 Re7 24. Re1 Bf6 25. b4 axb4 26. axb4 Na6 27. b5 Nb4 28. Qb3
Nd3 29. Rb1 Qg3 30. Nd1 Qe1# 0-1

[Event "España ch 2008 sub 18"]
[Site "Padrón ESP"]
[Date "2008.07.29"]
[Round "4.19"]
[White "Diaz Herrero, Alvaro"]
[Black "Tirapo Larcuen, Ana"]
[Result "1-0"]
[WhiteElo "2034"]
[BlackElo "1880"]
[PlyCount "83"]
[EventDate "2008.07.27"]
[EventType "swiss"]
[EventRounds "9"]
[EventCountry "ESP"]
[Source "lmi"]
[SourceDate "2008.07.27"]

1. e4 c5 2. Nc3 e6 3. Nf3 Nc6 4. d4 cxd4 5. Nxd4 d6 6. Be3 Be7 7. Be2 Nf6 8.
O-O O-O 9. f4 Bd7 10. Kh1 Nxd4 11. Bxd4 Bc6 12. Bf3 a6 13. Qe1 Rc8 14. a4 Re8
15. a5 Nd7 16. Bg1 Bf6 17. Nd1 d5 18. e5 Be7 19. Qd2 Bb5 20. Re1 Qc7 21. Nc3
Bc4 22. Ne2 b6 23. Nd4 bxa5 24. b3 Bb5 25. Rxa5 Nb8 26. Rc1 Bd7 27. Be2 Qb7 28.
c3 Bd8 29. Ra3 Be7 30. Raa1 Bc5 31. Qa2 Bxd4 32. Bxd4 Rc6 33. Qc2 Rec8 34. Qd1
R6c7 35. g4 Bb5 36. Bf3 Bc6 37. f5 Nd7 38. Qd2 Nf8 39. b4 Bb5 40. f6 h6 41. Be3
Kh7 42. fxg7 1-0

[Event "España ch 2008 sub 18"]
[Site "Padrón ESP"]
[Date "2008.07.29"]
[Round "4.20"]
[White "Arce Calva, Elvira"]
[Black "Jimenez Capilla, Jose Alfonso"]
[Result "1-0"]
[WhiteElo "1876"]
[BlackElo "2033"]
[PlyCount "105"]
[EventDate "2008.07.27"]
[EventType "swiss"]
[EventRounds "9"]
[EventCountry "ESP"]
[Source "lmi"]
[SourceDate "2008.07.27"]

1. e4 e5 2. Nf3 Nf6 3. Nxe5 d6 4. Nf3 Nxe4 5. d3 Nf6 6. d4 d5 7. Bd3 Bd6 8. O-O
O-O 9. Bg5 Nbd7 10. c3 h6 11. Bh4 Re8 12. Nbd2 Nf8 13. Re1 Ne6 14. Ne5 Nf4 15.
Bc2 g5 16. Bg3 N6h5 17. Nf1 Qf6 18. Ng4 Bxg4 19. Qxg4 Ng7 20. Ne3 h5 21. Qd1 c6
22. Bxf4 gxf4 23. Nf1 Rxe1 24. Qxe1 Ne6 25. Qe2 Qh6 26. Nd2 Kh8 27. Nf3 Rg8 28.
Ne5 Rg7 29. Re1 Ng5 30. Kh1 Kg8 31. f3 Ne6 32. Bf5 Nf8 33. Bh3 Qf6 34. Qd3 Bxe5
35. Rxe5 Rg5 36. Re8 Kg7 37. Qe2 Ng6 38. Rb8 b5 39. Qe8 Qe7 40. Qxe7 Nxe7 41.
Rb7 Kf8 42. Rxa7 f5 43. Ra8+ Kf7 44. Kg1 Rg6 45. Kf2 Re6 46. g3 fxg3+ 47. hxg3
Rf6 48. Rh8 Kg6 49. Bf1 Re6 50. Bd3 Rf6 51. f4 Re6 52. Be2 Kf6 53. Rh6+ 1-0

[Event "España ch 2008 sub 18"]
[Site "Padrón ESP"]
[Date "2008.07.29"]
[Round "4.22"]
[White "Rodriguez Perez, Angel Mariano"]
[Black "Chueca Forcen, Alberto"]
[Result "0-1"]
[WhiteElo "1991"]
[BlackElo "2254"]
[PlyCount "94"]
[EventDate "2008.07.27"]
[EventType "swiss"]
[EventRounds "9"]
[EventCountry "ESP"]
[Source "lmi"]
[SourceDate "2008.07.27"]

1. e4 c6 2. d4 d5 3. Nc3 dxe4 4. Nxe4 Nf6 5. Nxf6+ gxf6 6. Nf3 Bf5 7. Bd3 Bg6
8. Bxg6 hxg6 9. c3 e6 10. Bf4 Nd7 11. Qe2 Nb6 12. Bg3 Bd6 13. O-O-O Qc7 14. Nd2
O-O-O 15. Nc4 Bf4+ 16. Bxf4 Qxf4+ 17. Qe3 Nd5 18. Qxf4 Nxf4 19. Ne3 Rh5 20. h4
e5 21. g3 exd4 22. gxf4 dxe3 23. Rxd8+ Kxd8 24. fxe3 Ke7 25. Kd2 g5 26. Rh2
Rxh4 27. Rf2 g4 28. Kd3 Ke6 29. f5+ Ke5 30. Rf4 Rh2 31. Rxg4 Rxb2 32. Ra4 a6
33. e4 Kf4 34. Kd4 Re2 35. Kc5 Rxe4 36. Rxe4+ Kxe4 37. Kb6 Kxf5 38. a4 Ke5 39.
a5 f5 40. Kxb7 f4 41. Kxa6 f3 42. Kb7 f2 43. a6 f1=Q 44. a7 Qb5+ 45. Kc7 Qa6
46. Kb8 Qb6+ 47. Ka8 Kd6 0-1

[Event "España ch 2008 sub 18"]
[Site "Padrón ESP"]
[Date "2008.07.29"]
[Round "4.23"]
[White "Picazo Lopez, Ignacio"]
[Black "Gago Padreny, Ignacio"]
[Result "0-1"]
[WhiteElo "1973"]
[BlackElo "2169"]
[PlyCount "96"]
[EventDate "2008.07.27"]
[EventType "swiss"]
[EventRounds "9"]
[EventCountry "ESP"]
[Source "lmi"]
[SourceDate "2008.07.27"]

1. d4 Nf6 2. Nf3 e6 3. Bf4 b6 4. e3 Bb7 5. Bd3 Be7 6. c4 Nh5 7. Bg3 d6 8. Nc3
Nd7 9. Qc2 g6 10. e4 Nxg3 11. hxg3 e5 12. d5 O-O 13. Qd2 f6 14. Ke2 Rf7 15. Rh2
Bf8 16. Rah1 Bc8 17. Nh4 Bg7 18. f4 exf4 19. gxf4 Qe7 20. Kd1 a6 21. Nf3 Nf8
22. Kc2 Bg4 23. Nd4 f5 24. Nc6 Qe8 25. Re1 Bxc3 26. Qxc3 fxe4 27. Rxe4 Qd7 28.
Qe1 Bf5 29. Ne7+ Kh8 30. Qc3+ Rg7 31. Nxf5 gxf5 32. Re3 Ng6 33. g4 Qa4+ 34. Kc1
Qxa2 35. gxf5 Nxf4 36. Bb1 Qa4 37. Rg3 Qd7 38. Rxh7+ Kxh7 39. f6+ Kg8 40. Qe3
Ne2+ 41. Qxe2 Rxg3 42. Qh2 Rg4 43. Qh5 Rg1+ 44. Kd2 Rxb1 45. Qg6+ Kh8 46. f7
Rxb2+ 47. Kc3 Rh2 48. Qf6+ Kh7 0-1

[Event "España ch 2008 sub 18"]
[Site "Padrón ESP"]
[Date "2008.07.29"]
[Round "4.24"]
[White "Torres Ventosa, Pedro Eugenio"]
[Black "Aboy Nieto, Pablo"]
[Result "0-1"]
[WhiteElo "2135"]
[BlackElo "1949"]
[PlyCount "76"]
[EventDate "2008.07.27"]
[EventType "swiss"]
[EventRounds "9"]
[EventCountry "ESP"]
[Source "lmi"]
[SourceDate "2008.07.27"]

1. e4 d5 2. exd5 Qxd5 3. Nc3 Qa5 4. Bc4 Nf6 5. d3 c6 6. Nge2 Bg4 7. f3 Bh5 8.
O-O e6 9. Nf4 Nbd7 10. Qe2 O-O-O 11. a3 Bd6 12. Be3 Qc7 13. g3 g5 14. Nxh5 Nxh5
15. Ne4 h6 16. Qf2 a6 17. b4 f5 18. Nxd6+ Qxd6 19. Bc5 Nxc5 20. bxc5 Qd7 21.
Rfe1 Ng7 22. c3 Rde8 23. Re5 Re7 24. Qe2 Kb8 25. d4 Ka7 26. Rb1 h5 27. Rb6 Qc8
28. Qe3 g4 29. d5 Qd7 30. f4 h4 31. gxh4 Rxh4 32. dxc6 Qd1+ 33. Bf1 g3 34. hxg3
Rh1+ 35. Kxh1 Qxf1+ 36. Kh2 Re8 37. Rxa6+ bxa6 38. g4 Rh8+ 0-1

[Event "España ch 2008 sub 18"]
[Site "Padrón ESP"]
[Date "2008.07.29"]
[Round "4.26"]
[White "Jimenez Serna, Alvaro"]
[Black "Pueyo Burrell, David"]
[Result "1-0"]
[WhiteElo "1947"]
[BlackElo "2126"]
[PlyCount "67"]
[EventDate "2008.07.27"]
[EventType "swiss"]
[EventRounds "9"]
[EventCountry "ESP"]
[Source "lmi"]
[SourceDate "2008.07.27"]

1. e4 c5 2. Nc3 Nc6 3. g3 g6 4. Bg2 Bg7 5. Nge2 d6 6. O-O e6 7. d3 Rb8 8. Be3
Nd4 9. Qd2 b5 10. Rae1 Qa5 11. a3 b4 12. Nd1 Qa4 13. Bxd4 cxd4 14. axb4 Rxb4
15. c3 Rb8 16. f4 Ba6 17. f5 Bh6 18. Nf4 e5 19. Qe2 exf4 20. e5 d5 21. Bxd5 Qd7
22. c4 Ne7 23. Bxf7+ Kf8 24. f6 Nf5 25. Bd5 Bb7 26. e6 Qd6 27. e7+ Nxe7 28.
fxe7+ Ke8 29. Bxb7 Rxb7 30. Qg4 Qd7 31. Qh4 Bg7 32. Qxf4 Qf5 33. Qd6 Qd7 34.
Rf8+ 1-0

[Event "España ch 2008 sub 18"]
[Site "Padrón ESP"]
[Date "2008.07.29"]
[Round "4.27"]
[White "Galan Martin, Pedro Juan"]
[Black "Cucarella Montell, Angels"]
[Result "1-0"]
[WhiteElo "2114"]
[BlackElo "1941"]
[PlyCount "85"]
[EventDate "2008.07.27"]
[EventType "swiss"]
[EventRounds "9"]
[EventCountry "ESP"]
[Source "lmi"]
[SourceDate "2008.07.27"]

1. e4 c5 2. Nf3 e6 3. d4 cxd4 4. Nxd4 Nc6 5. Nc3 Qc7 6. Be2 a6 7. O-O Nf6 8.
Be3 Bb4 9. Na4 Be7 10. c4 Nxe4 11. c5 Nf6 12. Nb6 Rb8 13. Rc1 O-O 14. Bf3 Rd8
15. Qa4 Nxd4 16. Qxd4 e5 17. Qa4 h6 18. Rfd1 Bf8 19. Qh4 Be7 20. Rc4 Re8 21.
Qg3 Kh8 22. b4 Bf8 23. a4 Re6 24. a5 Qd8 25. Bc1 d6 26. Bb2 Qe8 27. cxd6 Rxd6
28. Re1 e4 29. h3 Be6 30. Rcxe4 Nxe4 31. Bxe4 Bf5 32. Bxg7+ Kg8 33. Bc3+ Rg6
34. Bxf5 Rxg3 35. Rxe8 Rxg2+ 36. Kxg2 Rxe8 37. Nd7 Bg7 38. Nf6+ Bxf6 39. Bxf6
Kf8 40. Bd4 Rd8 41. Bb6 Re8 42. Bd7 Re5 43. Bc8 1-0

[Event "España ch 2008 sub 18"]
[Site "Padrón ESP"]
[Date "2008.07.29"]
[Round "4.28"]
[White "Calle Moreau, Jose Domingo"]
[Black "Guadamuro Torrente, Anabel"]
[Result "0-1"]
[WhiteElo "1940"]
[BlackElo "2105"]
[PlyCount "42"]
[EventDate "2008.07.27"]
[EventType "swiss"]
[EventRounds "9"]
[EventCountry "ESP"]
[Source "lmi"]
[SourceDate "2008.07.27"]

1. e4 e5 2. Nf3 Nc6 3. Bb5 Nf6 4. d3 d6 5. O-O g6 6. h3 Bg7 7. Nc3 O-O 8. Be3
a6 9. Ba4 Qe7 10. Qd2 Nd8 11. Bh6 Ne6 12. Bxg7 Kxg7 13. Ne2 Nh5 14. c3 f5 15.
exf5 Rxf5 16. Qe3 Nef4 17. Nxf4 Nxf4 18. Rfe1 b5 19. Bc2 Bb7 20. Bd1 Raf8 21.
Kh2 Nxh3 0-1

[Event "España ch 2008 sub 18"]
[Site "Padrón ESP"]
[Date "2008.07.29"]
[Round "4.29"]
[White "Juez Villar, Erik"]
[Black "Labena Bernal, Antonio"]
[Result "1-0"]
[WhiteElo "1912"]
[BlackElo "2045"]
[PlyCount "79"]
[EventDate "2008.07.27"]
[EventType "swiss"]
[EventRounds "9"]
[EventCountry "ESP"]
[Source "lmi"]
[SourceDate "2008.07.27"]

1. d4 d5 2. c4 e6 3. Nc3 Be7 4. cxd5 exd5 5. Bf4 c6 6. e3 Nf6 7. Bd3 Nbd7 8. h3
Nb6 9. Qc2 Be6 10. Nge2 Rc8 11. g4 c5 12. dxc5 Rxc5 13. Nd4 Bd6 14. Bxd6 Qxd6
15. Qe2 a6 16. Rd1 Qe7 17. Kf1 Ne4 18. Nb1 Qf6 19. Kg2 O-O 20. f3 Nd6 21. h4
Nbc4 22. g5 Qe5 23. Rhe1 Bf5 24. Bxf5 Nxf5 25. Nxf5 Qxf5 26. Nc3 Re8 27. Nxd5
Rxd5 28. Qxc4 Rc5 29. Qe2 Rec8 30. Rd2 h6 31. f4 f6 32. gxh6 Qg6+ 33. Kh3 Qxh6
34. Qg4 Qh7 35. Red1 Qe4 36. Rg2 R5c7 37. Rd7 Qh7 38. Qxg7+ Qxg7 39. Rgxg7+ Kh8
40. Rxc7 1-0

[Event "España ch 2008 sub 18"]
[Site "Padrón ESP"]
[Date "2008.07.29"]
[Round "4.30"]
[White "De Nacimiento Montano, Antonio"]
[Black "Galan Martin, Alejandro"]
[Result "1/2-1/2"]
[WhiteElo "2045"]
[BlackElo "1925"]
[PlyCount "43"]
[EventDate "2008.07.27"]
[EventType "swiss"]
[EventRounds "9"]
[EventCountry "ESP"]
[Source "lmi"]
[SourceDate "2008.07.27"]

1. c4 e5 2. Nc3 Nf6 3. Nf3 Nc6 4. g3 d5 5. cxd5 Nxd5 6. Bg2 Nb6 7. O-O Be7 8.
a3 O-O 9. b4 Be6 10. d3 a6 11. Bb2 f6 12. Nd2 Rb8 13. Rc1 Qe8 14. Nce4 Qf7 15.
f4 exf4 16. Rxf4 h6 17. Nc5 Bxc5+ 18. Rxc5 Nd5 19. Bxd5 Bxd5 20. Ne4 Bxe4 21.
Rxe4 Rfe8 22. Rf4 1/2-1/2

[Event "España ch 2008 sub 18"]
[Site "Padrón ESP"]
[Date "2008.07.29"]
[Round "4.31"]
[White "Ruiz De La Torre Perez, Cristina"]
[Black "Hernandez Leon, Sergio"]
[Result "1/2-1/2"]
[WhiteElo "1908"]
[BlackElo "2042"]
[PlyCount "41"]
[EventDate "2008.07.27"]
[EventType "swiss"]
[EventRounds "9"]
[EventCountry "ESP"]
[Source "lmi"]
[SourceDate "2008.07.27"]

1. d4 c5 2. d5 g6 3. c4 Bg7 4. e4 d6 5. Nc3 Nf6 6. f4 O-O 7. Nf3 Bg4 8. Bd3 e6
9. O-O Na6 10. a3 exd5 11. exd5 Nc7 12. h3 Bxf3 13. Qxf3 a6 14. a4 Rb8 15. Rb1
Nd7 16. Bd2 b6 17. b3 Ne8 18. Kh1 Nef6 19. Rfe1 Re8 20. Rxe8+ Nxe8 21. Re1
1/2-1/2

[Event "España ch 2008 sub 18"]
[Site "Padrón ESP"]
[Date "2008.07.29"]
[Round "4.32"]
[White "Vila Gonzalez, Daniel"]
[Black "Riera Morilla, Elizabeth"]
[Result "1-0"]
[WhiteElo "2039"]
[BlackElo "1915"]
[PlyCount "59"]
[EventDate "2008.07.27"]
[EventType "swiss"]
[EventRounds "9"]
[EventCountry "ESP"]
[Source "lmi"]
[SourceDate "2008.07.27"]

1. e4 c5 2. Nf3 g6 3. d4 cxd4 4. Nxd4 Bg7 5. Nc3 Nc6 6. Nde2 Nf6 7. g3 d6 8.
Bg2 O-O 9. O-O Bd7 10. h3 Rc8 11. Nd5 b5 12. Bg5 Nxd5 13. exd5 Na5 14. c3 h6
15. Bf4 Nc4 16. b3 Nb6 17. Rc1 a5 18. Qd2 Kh7 19. Be3 a4 20. Bd4 h5 21. Bxg7
Kxg7 22. Rfe1 axb3 23. axb3 Ra8 24. Nf4 Bf5 25. Qe2 Qd7 26. Qxe7 Ra3 27. Qe3
Qa7 28. Qd4+ Kh6 29. Nxh5 gxh5 30. Qf4+ 1-0

[Event "España ch 2008 sub 18"]
[Site "Padrón ESP"]
[Date "2008.07.29"]
[Round "4.33"]
[White "Pintor Munoz, Francisco"]
[Black "Lopez Paniego, Noel"]
[Result "1-0"]
[WhiteElo "1808"]
[BlackElo "2011"]
[PlyCount "51"]
[EventDate "2008.07.27"]
[EventType "swiss"]
[EventRounds "9"]
[EventCountry "ESP"]
[Source "lmi"]
[SourceDate "2008.07.27"]

1. e4 e5 2. Nf3 Nc6 3. Bb5 Bc5 4. O-O Nge7 5. Nxe5 Nxe5 6. d4 c6 7. Be2 Bd6 8.
dxe5 Bxe5 9. Nd2 O-O 10. Nc4 Bc7 11. Nd6 Ng6 12. f4 Qe7 13. e5 Bxd6 14. exd6
Qf6 15. f5 Ne5 16. a4 Rb8 17. Ra3 b5 18. Rg3 h6 19. Bf4 bxa4 20. Bxe5 Qxe5 21.
f6 g6 22. Qd2 g5 23. Rh3 Re8 24. Rxh6 Qe3+ 25. Qxe3 Rxe3 26. Rf5 1-0

[Event "España ch 2008 sub 18"]
[Site "Padrón ESP"]
[Date "2008.07.29"]
[Round "4.34"]
[White "Marrero Falcon, Hector"]
[Black "Rasskin Friederichs, Ivan"]
[Result "0-1"]
[WhiteElo "2044"]
[BlackElo "1843"]
[PlyCount "116"]
[EventDate "2008.07.27"]
[EventType "swiss"]
[EventRounds "9"]
[EventCountry "ESP"]
[Source "lmi"]
[SourceDate "2008.07.27"]

1. e4 e6 2. d4 d5 3. Nd2 Nf6 4. e5 Nfd7 5. f4 c5 6. c3 Nc6 7. Ndf3 Qb6 8. a3 c4
9. Nh3 Na5 10. Be2 Nb3 11. Rb1 Nb8 12. O-O Bd7 13. Qe1 Nc6 14. Be3 f6 15. exf6
gxf6 16. Qh4 Be7 17. Qh5+ Kd8 18. Bf2 Kc7 19. f5 Bd6 20. fxe6 Bxe6 21. Be3 Bxh3
22. Qxh3 Rae8 23. Nh4 Nd2 24. Bxd2 Rxe2 25. Bf4 Bxf4 26. Rxf4 Ne7 27. Qg3 Rg8
28. Rg4+ Qd6 29. Rxg8 Nxg8 30. Qxg8 Qe7 31. Qg3+ Kb6 32. Nf5 Qe4 33. Qd6+ Ka5
34. Qc7+ Ka6 35. Qxb7+ Kxb7 36. Nd6+ Kc6 37. Nxe4 dxe4 38. Rf1 Rxb2 39. Rxf6+
Kb5 40. Rf7 Ka4 41. Rf2 Rb1+ 42. Rf1 Rb3 43. Rc1 Rxa3 44. d5 Ra2 45. Rd1 e3 46.
Re1 e2 47. Kf2 Kb5 48. Ke3 Kc5 49. d6 Kxd6 50. Kd4 Rd2+ 51. Kxc4 Ke5 52. Kb5
Ke4 53. c4 Ke3 54. Ra1 Kf2 55. c5 e1=Q 56. Rxe1 Kxe1 57. Ka6 Rc2 58. Kb5 Rxg2
0-1

[Event "España ch 2008 sub 18"]
[Site "Padrón ESP"]
[Date "2008.07.29"]
[Round "4.35"]
[White "Ortega Sanchez, Ainhoa"]
[Black "Sanchez Ibern, Eric"]
[Result "0-1"]
[WhiteElo "1794"]
[BlackElo "2038"]
[PlyCount "142"]
[EventDate "2008.07.27"]
[EventType "swiss"]
[EventRounds "9"]
[EventCountry "ESP"]
[Source "lmi"]
[SourceDate "2008.07.27"]

1. d4 c5 2. c3 Nf6 3. Nf3 b6 4. Bf4 g6 5. e3 Bg7 6. Nbd2 Bb7 7. Be2 d6 8. h3
O-O 9. O-O Nbd7 10. Bh2 a6 11. a4 Re8 12. Qb1 Rc8 13. e4 cxd4 14. cxd4 Qc7 15.
Bd3 e5 16. d5 Rf8 17. b4 Nh5 18. Rc1 Qb8 19. Qb3 Nf4 20. Bf1 Rc7 21. Qe3 Rfc8
22. Nb3 Bh6 23. Kh1 Bg7 24. Rxc7 Rxc7 25. Rc1 Nh5 26. Rxc7 Qxc7 27. Qc1 Qxc1
28. Nxc1 f5 29. exf5 gxf5 30. Bc4 Nhf6 31. Ne2 Nxd5 32. Ng5 N7f6 33. Nc3 h6 34.
Ne6 Nxc3 35. Nd8+ d5 36. Nxb7 dxc4 37. Bxe5 Nxa4 38. Nd6 Ne4 39. Bxg7 Kxg7 40.
Nxc4 Nxf2+ 41. Kg1 Nd3 42. Kf1 Nxb4 43. Ke2 Kf6 44. Ke3 Nd5+ 45. Kd4 Nf4 46.
Ne3 b5 47. g4 fxg4 48. hxg4 Kg5 49. Ke4 Nc3+ 50. Kd4 Na4 51. Ke4 a5 52. Kd4 Nh3
53. Nf5 Nf2 54. Nd6 Kxg4 55. Nxb5 h5 56. Ke3 Kg3 57. Nd4 Ng4+ 58. Ke2 Nc3+ 59.
Kd3 Nd5 60. Kc4 Nb6+ 61. Kb5 a4 62. Kb4 Kf4 63. Ne2+ Ke3 64. Ng3 Nf6 65. Nxh5
Nxh5 66. Ka3 Kd2 67. Kb2 Nf4 68. Ka3 Kc2 69. Ka2 Ne2 70. Ka1 Kb3 71. Kb1 Nd4
0-1

[Event "España ch 2008 sub 18"]
[Site "Padrón ESP"]
[Date "2008.07.29"]
[Round "4.36"]
[White "Jimenez Capilla, Martin R"]
[Black "Carnero Rodriguez, Sergio"]
[Result "1-0"]
[WhiteElo "1977"]
[BlackElo "1765"]
[PlyCount "71"]
[EventDate "2008.07.27"]
[EventType "swiss"]
[EventRounds "9"]
[EventCountry "ESP"]
[Source "lmi"]
[SourceDate "2008.07.27"]

1. e4 g6 2. d4 Bg7 3. Be3 d6 4. c4 Nd7 5. Nc3 b6 6. Qd2 c5 7. d5 a6 8. f4 Ngf6
9. h3 h5 10. Nf3 Qc7 11. Bd3 Nf8 12. O-O e6 13. dxe6 Bxe6 14. Nh4 O-O-O 15. f5
Bd7 16. fxg6 Nxg6 17. Bg5 Rdf8 18. Rxf6 Bxf6 19. Bxf6 Nxh4 20. Nd5 Qb7 21. Bxh4
Be6 22. Ne7+ Kd7 23. Bf6 Rhg8 24. Nxg8 Rxg8 25. Kh2 Qc7 26. Qf4 Qc6 27. b3 b5
28. cxb5 axb5 29. a4 c4 30. axb5 Qxb5 31. Ra7+ Kc6 32. bxc4 Bxc4 33. Qc1 d5 34.
exd5+ Kxd5 35. Bxc4+ Qxc4 36. Ra5+ 1-0